000 00607nam a2200217Ia 4500
003 0100
008 130303s9999 xx 000 0 und d
040 _cARRUPELIB
050 _aLA21.G3
245 _aSome Philosophers on education
245 _bPapers concerning the doctrines of Augustine, Aristotle, Aquinas and Dewey
260 _aMilwaukee
260 _bThe Marquette University press
260 _C1956
300 _a95p.
300 _b 18cm
650 _bPeriodicals--Directories
650 _cEnglish periodicals--Directories
700 _aGallagher, Donald Arthur
942 _2lcc
_03
999 _c59074
_d59074